|
|
|
|
| LEADER |
01236ppm a22002898a 4500 |
| 001 |
00041025 |
| 005 |
20180314070347.0 |
| 008 |
121122s2009 ||||||viesd |
| 041 |
0 |
# |
|a vie
|
| 082 |
1 |
4 |
|a 895.922 100 9
|b Đ113TR
|
| 100 |
1 |
# |
|a Đặng, Văn Phước
|
| 245 |
0 |
0 |
|a Đặc trưng nghệ thuật truyện nôm Nguyễn Đình Chiểu nhìn từ cốt truyện
|b Luận văn thạc sĩ Ngữ Văn . Chuyên ngành: Văn học Việt Nam . Mã số: 60.22.34
|c Đặng Văn Phước ; Biện Minh Điền (hướng dẫn)
|
| 260 |
# |
# |
|a Nghệ An
|b Đại học Vinh
|c 2012
|
| 300 |
# |
# |
|c 30cm
|a 118 tr.
|
| 500 |
# |
# |
|a ĐTTS ghi: Bộ giáo dục và đào tạo. Đại học Vinh
|
| 600 |
1 |
4 |
|a Nguyễn, Đình Chiểu
|
| 653 |
# |
# |
|a Luận Văn
|
| 653 |
# |
# |
|a Đặc trưng
|
| 653 |
# |
# |
|a Văn học Việt Nam
|
| 653 |
# |
# |
|a Nghệ thuật
|
| 653 |
# |
# |
|a Nguyễn Đình Chiểu
|
| 653 |
# |
# |
|a Truyện Nôm
|
| 653 |
# |
# |
|a Tác phẩm
|
| 700 |
1 |
# |
|a Biện, Minh Điền
|e Hướng dẫn
|
| 852 |
# |
# |
|j LV.0001792
|
| 910 |
|
|
|d 13/03/2018
|
| 980 |
# |
# |
|a Trung tâm Học liệu Lê Vũ Hùng, Trường Đại học Đồng Tháp
|